Top 10 des Pays ayant le plus de licenciés au Football - Statistiques

Statistiques générales
  • Ce quiz a été pris 396 fois
  • Le résultat moyen est 7 sur 10
Statistiques - réponses
Nombre de licenciés Pays % Correct
1,795,000 France
100%
2,142,000 Brésil
97%
6,309,000 Allemagne
95%
1,514,000 Italie
91%
1,486,000 Angleterre
87%
4,187,000 États-Unis
83%
1,045,000 Japon
59%
1,139,000 Pays-Bas
57%
866,000 Canada
56%
1,469,000 Afrique du Sud
12%
Aucun quiz correspondant
Distribution des résultats
% des personnes avec chaque résultat
Percentile par nombre de réponses
Votre historique - résultats
Vous n’avez pas pris ce quiz